| 000 | 00433nam a2200121Ia 4500 | ||
|---|---|---|---|
| 008 | 160809s9999 xx 000 0 und d | ||
| 100 | _aChaney, Paul. | ||
| 245 | 2 | _aA primer on marketing automation for instructors of college-level marketing courses | |
| 245 | _cPaul Chaney, James Pettijohn. | ||
| 260 | _bJournal of Management and Marketing Research | ||
| 650 | _xMARKETING | ||
| 856 | _uhttp://www.aabri.com/manuscripts/162379.pdf | ||
| 999 |
_c300144 _d300144 |
||